Hasta En Las Mejores Familias

সংরক্ষণ করুন:
গ্রন্থ-পঞ্জীর বিবরন
প্রধান লেখক: Generelo, Jesús
বিন্যাস: গ্রন্থ
ভাষা:ইংরেজি
স্প্যানিশ
প্রকাশিত: Editorial Egales 2004
ট্যাগগুলো: ট্যাগ যুক্ত করুন
কোনো ট্যাগ নেই, প্রথমজন হিসাবে ট্যাগ করুন!

MARC

LEADER 00000nam a2200000 4500
005 20231219233502.0
008 231219b |||||||| |||| 00| 0 eng d
020 |a 8495346605 
020 |a 9788495346605 
040 |c C 
041 |a spa 
100 |a Generelo, Jesús 
245 |a Hasta En Las Mejores Familias 
260 |b Editorial Egales  |c 2004 
300 |a 172 p. 
942 |2 ddc  |c BK  |n 0 
952 |0 0  |1 0  |2 ddc  |4 0  |6 306_000000000000000_GEN_HAS  |7 1  |9 483  |a GE  |b GE  |d 2023-12-12  |l 0  |o 306 GEN HAS  |p 4691  |r 2023-12-19 23:35:34  |w 2023-12-19  |y BK 
999 |c 397  |d 397